000
00510nam a2200181Ia 4500
008
090124s9999 xx 000 0 und d
082
_b
127704
100
_a
भागवत विद्याधर
245
_a
प्रस्थान
250
_a
1
260
_c
1984
300
_a
240
600
_a
भागवत विद्याधर
630
_a
प्रस्थान
700
_a
भागवत विद्याधर
730
_a
प्रस्थान
942
_c
BOOK
999
_c
173793
_d
173793